Sztukmistrz

Titel: Sztukmistrz : twórczość artystyczna i myśl o sztuce Cypriana Norwida / Aleksandra Melbechowska-Luty
Verfasser:
Ausgabe: Wyd. 1
Veröffentlicht: Warszawa : Neriton, 2001
Umfang: 541 S.
Format: Buch
Sprache: Polnisch
RVK-Notation:
Schlagworte:
ISBN: 8386842970
Buchumschlag
X
Lokale Klassifikation: 2 N 7 ; 32 9 F ; 32 10 E
alg: 10851677
001A    $03004:03-12-02 
001B    $01999:21-05-23 $t00:26:36.000 
001C    $06002:26-10-06 $t15:54:03.000 
001D    $03004:03-12-02 
001U    $0utf8 
001X    $00 
002@    $0Aau 
003@    $0108516776 
003O    $050280287 $aOCoLC 
004A    $083-86842-97-0 
007A    $0108516776 $aHEB 
007T    $0Herdk03946 
010@    $apol 
011@    $a2001 
013H    $0z 
019@    $apl 
021A    $aSztukmistrz $dtwórczość artystyczna i myśl o sztuce Cypriana Norwida $hAleksandra Melbechowska-Luty 
028A    $#Luty, Aleksandra Melbechowska- $#Melbechowska, Aleksandra $#Luty, Aleksandra M.- $7 $8Melbechowska-Luty, Aleksandra [Tnd] $9181865424 
032@    $aWyd. 1 
033A    $pWarszawa $nNeriton 
034D    $a541 S. 
039U    $8--Aox--Baranowska, Małgorzata. Całe dzieło Sztukmistrza, 2001 $9394856856 
044K    $#Norwid, Cyprian $#Norwid, Cyprian Kamil $#Norwid, Cyprian K. $#Norwid, Cyprjan K. $#Norwid, Cyprjan $#Norwid, C. K. $#Norvid, T︠S︡iprian $#Norvid, Ciprian $#Norwid, Cyprien Camille $#Norwid, C.K. $#Norwid, Kamil Cyprian $#Norvid, Tsiprian $#Norwid, Cyprien $7118588753 $8Norwid, Cyprian$Z1821-1883 [Tp1] $9086929763 
045F    $a709.438 $eDDC23BSB 
045F/01 $a709 
045F/03 $g438 
045G    $a809 $eDDC23BSB 
045G/01 $a809 
045G/03 $g438 
045H    $a929.09438 $eDDC23BSB 
045H/01 $a929 
045H/03 $g438 
045Z    $8KO 8880 [Tkv] $940926377X 
045Z    $8LI 99999 [Tkv] $9409939021 
046M    $aFranz. Zsfassung 

lok: 10851677 24
101B    $003-12-02 $t12:26:49.101 
101C    $003-12-02 
145Z/01 $a2 N 7 
145Z/02 $a32 9 F 
145Z/03 $a32 10 E 
101U    $0utf8 

exp: 10851677 24 1 #EPN
201B/01 $003-12-02 $t12:26:49.166 
201C/01 $003-12-02 
203@/01 $0178465666 
208@/01 $a03-12-02 $bz 
209A/01 $a02.4971 $du $f050 $h02 4971 $x00 
209C/01 $a02.4971 K $h02 4971 K 
209G/01 $a70537354 $x00 
247C/01 $8358050-7 Marburg, Bibliothek des Herder-Instituts Marburg $9102600961 
201U/01 $0utf8 

lok: 10851677 78

exp: 10851677 78 1 #EPN
201B/01 $020-05-19 $t22:52:02.000 
201U/01 $0utf8 
203@/01 $0792195124 
208@/01 $a12-11-16 $be 
209A/01 $a/ $f000 $x00 
220C/01 $aTitelaufnehmer: pbb 
220C/01 $aHerkunft: IH PAN/PBB Kraków 
237A/01 $aweiterführende Signatur(en):  02.4971 
244Z/01 $2Trx $#Poola $#Lenkija $#Polija $#Polen Land $#Poland $#Lengyelország $#Poľsko $#Polsko $8--Trx--Polska$gkraj $x01 $9391345966 
244Z/01 $aGeschichte 1821-1883 $x02 
244Z/01 $#Norwid, Cyprian $#Norwid, Cyprian Kamil $#Norwid, Cyprian K. $#Norwid, Cyprjan K. $#Norwid, Cyprjan $#Norwid, C. K. $#Norvid, T︠S︡iprian $#Norvid, Ciprian $#Norwid, Cyprien Camille $#Norwid, C.K. $#Norwid, Kamil Cyprian $#Norvid, Tsiprian $#Norwid, Cyprien $7118588753 $8--Tp1--Norwid, Cyprian$Z1821-1883 $x03 $9086929763 
244Z/01 $2Trx $#kirjanikud $#rašytojai $#writers $#írók $#pisarze $#spisovatelia $#spisovatelé $8--Trx--Schriftsteller $x04 $9391382659 
244Z/01 $2Trx $8--Trx--Monographie $x05 $9391384546 
245Z/01 $a12.03 $x01 
247C/01 $82080>Marburg/Lahn, Herder-Institut, Forschungsbibliothek, Bibliographieportal $9336309341
LEADER 00000cam a2200000 c 4500
001 108516776
003 DE-603
005 20230521002636.0
007 tu
008 021203s2001 xx |||| | u00||u|pol c
020 |a 8386842970 
035 |a (DE-599)HEB108516776 
035 |a (OCoLC)50280287 
040 |a DE-603  |b ger  |c DE-603  |d DE-603 
041 |a pol 
082 0 4 |8 1\u  |a 709.438  |q DE-101  |2 23/BSB 
083 0 |8 2\u  |a 809  |q DE-101  |2 23/BSB 
083 0 |8 3\u  |a 929.09438  |q DE-101  |2 23/BSB 
084 |a KO 8880  |0 (DE-625)80801:  |0 (DE-603)40926377X  |2 rvk 
084 |a LI 99999  |0 (DE-625)97471:  |0 (DE-603)409939021  |2 rvk 
085 |8 1\u  |b 709 
085 |8 1\u  |z 2  |s 438 
085 |8 2\u  |b 809 
085 |8 2\u  |z 2  |s 438 
085 |8 3\u  |b 929 
085 |8 3\u  |z 2  |s 438 
100 1 |a Melbechowska-Luty, Aleksandra  |0 (DE-603)181865424 
245 0 0 |a Sztukmistrz  |b twórczość artystyczna i myśl o sztuce Cypriana Norwida  |c Aleksandra Melbechowska-Luty 
250 |a Wyd. 1 
264 1 |a Warszawa  |b Neriton  |c 2001 
300 |a 541 S. 
500 |a Franz. Zsfassung 
600 1 7 |a Norwid, Cyprian  |d 1821-1883  |0 (DE-588)118588753  |0 (DE-603)086929763  |2 gnd 
787 0 8 |i Rezensiert in  |a Baranowska, Małgorzata  |t Całe dzieło Sztukmistrza  |w (DE-603)394856856 
924 0 |9 Mb 50  |a (DE-603)178465666  |b DE-Mb50  |c HES  |d c  |g 02.4971 
924 0 |9 2080  |a (DE-603)792195124  |b DE-2080  |c HES  |d d  |g /